000 00572nam a22002177a 4500
005 20250320151342.0
008 250320b |||||||| |||| 00| 0 eng d
020 _a9789332556911
_c705.00
040 _aMAIN
041 _aEnglish
082 _a610.28
_bCRO
100 _aCromwell, Leslie
_925395
245 _aBiomedical instrumentation and measurements
250 _a2nd
260 _aNew Delhi
_bPearson
_c2024
300 _a510
650 _aBiological Science
_914046
700 _aWeibell, Fred J.
_925396
700 _aPfeiffer, Erich A.
_925397
942 _cBK
999 _c59501
_d59501